[Event "Ambalangoda Dhamso op 8th"]
[Site "Ambalangoda"]
[Date "2018.04.21"]
[Round "5"]
[White "Bandara, AJSD"]
[Black "Chandes, K Yasindu"]
[Result "1/2-1/2"]
[WhiteElo "1675"]
[BlackElo "1228"]
[PlyCount "36"]
[EventDate "2018.04.19"]
[EventType "swiss"]
[EventRounds "9"]
[EventCountry "SRI"]
[SourceTitle "CBM 184 Extra"]
[Source "ChessBase"]
[SourceDate "2018.06.28"]
[SourceVersion "1"]
[SourceVersionDate "2018.06.28"]
[SourceQuality "1"]

1. Nf3 c6 2. d4 d5 3. e3 Nf6 4. Bd3 Bg4 5. h3 Bh5 6. c3 e6 7. Nbd2 c5 8. Qa4+ Nbd7 9. Ne5 c4 10. Bb1 Bd6 11. f4 Qc7 12. 0-0 a6 13. e4 b5 14. Qc2 dxe4 15. Nxe4 Nd5 16. Nxd6+ Qxd6 17. Nxd7 Qxd7 18. Qf2 g6 1/2-1/2